000 00417nam a2200145Ia 4500
008 220217s9999||||xx |||||||||||||| ||und||
020 _a9789332569706
082 _a629.04 KHI
100 _aKhisty, Jotin, C and Lall, Kent, B
245 0 _aTransportation engineering
250 _a3
260 _aPearson education of asia
_bNew Delhi
_c2017
300 _aXXIII, 813p.
_b729
650 _aTRANSFORT ENGINEERING
999 _c189371
_d189371